Quizzes
Events
Quiz Creation
Community
Videos
Private Events
Remove Ads
Sign In
Join for FREE
Feedback
Dark Mode
Quiz Categories
Sports
Geography
Music
Movies
Television
Just For Fun
Miscellaneous
History
Literature
Language
Science
Gaming
Entertainment
Religion
Holiday
For Kids
Quiz Lab
Recent
Popular Today
Quiz Kudos Today
Editor Picks
Curator Picks
Quizzes by...
Day
Popularity
Type
Ratings
Length
Year
Community
Subscriptions
Recent Discussions
Orange Saloon
Badges
Playlists
Quests
Create
Leaderboards
Showdown
Live 5
Trivia Bingo
Activity
Puzzle Library
Sporcle Events
Private Events
Virtual Trivia
Globe League
Become a Host
Pub Owners
SporcleCon
Opinionation
Our Games
Videos
Blog
Mobile Apps
Partnerships
Remove Ads and Go Orange
Feedback
Sports
Athletes
MLB
NBA
NHL
NFL
Soccer
Sports Teams
WWE
NCAA
Football
Premier League
Basketball
Baseball
Hockey
Golf
Tennis
Cricket
Rugby
Auto Racing
Olympics
World Cup
Sports
Athletes
MLB
NBA
NHL
NFL
Soccer
Sports Teams
WWE
NCAA
Football
Premier League
Basketball
Baseball
Hockey
Golf
Tennis
Cricket
Rugby
Auto Racing
Olympics
World Cup
Random Quiz
Search Sporcle
×
Quiz Lab
Quiz Lab
Sports
Football
Type in answers that appear in a list
Type in answers that appear in a list
Classic
Best Score? Go Orange.
International Football XIs: Austria Stats
Can you name the International Football XIs: Austria?
By
ray7
15m
209 Questions
243 Plays
243 Plays
243 Plays
Comments
Comments
Give Quiz Kudos
Give Quiz Kudos
-
- Ratings
hide this ad
More Info
Replay
Link that replays current quiz
Next Quiz
Link to next quiz in quiz playlist
You Got
0%
They Got
Avg Score
35%
Avg Friend Score
Upgrade to see
Score Distribution
Jump to the score distribution portion of the page
Score
0/209
Timer
15:00
0
Plays Today
Year
Player
% Correct
2013
David Alaba
94.3%
2011
David Alaba
88.1%
2013
Marko Arnautovic
77.7%
2011
Marko Arnautovic
69.1%
2012
Marko Arnautovic
69.1%
2002
Alexander Manninger
68.7%
2004
Alexander Manninger
68.7%
2008
Alexander Manninger
68.7%
1995
Toni Polster
66.3%
1996
Toni Polster
66.3%
1997
Toni Polster
66.3%
1998
Toni Polster
66.3%
1995
Andreas Herzog
64.2%
1996
Andreas Herzog
64.2%
1997
Andreas Herzog
64.2%
1999
Andreas Herzog
64.2%
2000
Andreas Herzog
64.2%
2001
Andreas Herzog
64.2%
2002
Andreas Herzog
64.2%
2009
Marc Janko
63.8%
2010
Marc Janko
63.8%
2011
Marc Janko
63.8%
2012
Marc Janko
63.8%
1997
Ivica Vastic
61.7%
1998
Ivica Vastic
61.7%
1999
Ivica Vastic
61.7%
2001
Ivica Vastic
61.7%
2013
Christian Fuchs
55.4%
2004
Andreas Ivanschitz
55.1%
2005
Andreas Ivanschitz
55.1%
2006
Andreas Ivanschitz
55.1%
2007
Andreas Ivanschitz
55.1%
2008
Andreas Ivanschitz
55.1%
2012
Andreas Ivanschitz
55.1%
2013
Zlatko Junuzovic
53.5%
2008
Sebastian Prödl
53.1%
2010
Sebastian Prödl
53.1%
2012
Sebastian Prödl
53.1%
1995
Michael Konsel
51.9%
1996
Michael Konsel
51.9%
1997
Michael Konsel
51.9%
1998
Michael Konsel
51.9%
2007
Christian Fuchs
51%
2008
Christian Fuchs
51%
2009
Christian Fuchs
51%
2010
Christian Fuchs
51%
2011
Christian Fuchs
51%
2003
Emanuel Pogatetz
50.6%
2004
Emanuel Pogatetz
50.6%
2005
Emanuel Pogatetz
50.6%
2006
Emanuel Pogatetz
50.6%
2008
Emanuel Pogatetz
50.6%
2011
Emanuel Pogatetz
50.6%
2012
Emanuel Pogatetz
50.6%
2013
Aleksandar Dragovic
49%
2013
Emanuel Pogatetz
48.4%
2013
Martin Harnik
46.5%
2010
Zlatko Junuzovic
46.1%
2011
Zlatko Junuzovic
46.1%
2012
Zlatko Junuzovic
46.1%
2008
Martin Harnik
45.7%
2010
Martin Harnik
45.7%
2011
Martin Harnik
45.7%
2013
Robert Almer
45.2%
2007
Jürgen Macho
44%
2010
Jürgen Macho
44%
2010
Julian Baumgartlinger
43.2%
2011
Julian Baumgartlinger
43.2%
2012
Julian Baumgartlinger
43.2%
2007
György Garics
42.4%
Year
Player
% Correct
2008
György Garics
42.4%
2009
Aleksandar Dragovic
42.4%
2012
György Garics
42.4%
2013
György Garics
42%
2000
Martin Stranzl
41.2%
2003
Martin Stranzl
41.2%
2004
Martin Stranzl
41.2%
2005
Martin Stranzl
41.2%
2006
Martin Stranzl
41.2%
2007
Martin Stranzl
41.2%
2008
Martin Stranzl
41.2%
2012
Robert Almer
40.7%
2003
Paul Scharner
38.7%
2005
Roland Linz
38.7%
2006
Roland Linz
38.7%
2007
Roland Linz
38.7%
2008
Roland Linz
38.7%
2009
Paul Scharner
38.7%
2010
Paul Scharner
38.7%
1995
Wolfgang Feiersinger
37.9%
1996
Wolfgang Feiersinger
37.9%
1997
Wolfgang Feiersinger
37.9%
1998
Wolfgang Feiersinger
37.9%
1999
Wolfgang Feiersinger
37.9%
1995
Dietmar Kühbauer
37.4%
1998
Dietmar Kühbauer
37.4%
1998
Mario Haas
37.4%
1999
Mario Haas
37.4%
2000
Dietmar Kühbauer
37.4%
2001
Dietmar Kühbauer
37.4%
2001
Mario Haas
37.4%
2003
Mario Haas
37.4%
2004
Dietmar Kühbauer
37.4%
2004
Mario Haas
37.4%
1995
Anton Pfeffer
35%
1996
Anton Pfeffer
35%
1997
Anton Pfeffer
35%
1998
Anton Pfeffer
35%
1999
Franz Wohlfahrt
35%
2000
Franz Wohlfahrt
35%
2001
Franz Wohlfahrt
35%
1995
Heimo Pfeifenberger
33.7%
1995
Peter Schöttel
33.3%
1996
Peter Schöttel
33.3%
1997
Peter Schöttel
33.3%
1998
Peter Schöttel
33.3%
2009
Erwin Hoffer
32.9%
1996
Markus Schopp
32.1%
2000
Markus Schopp
32.1%
2001
Markus Schopp
32.1%
2002
Markus Schopp
32.1%
2003
Markus Schopp
32.1%
2004
Markus Schopp
32.1%
2005
Markus Schopp
32.1%
2002
René Aufhauser
30.5%
2003
René Aufhauser
30.5%
2004
René Aufhauser
30.5%
2005
René Aufhauser
30.5%
2006
René Aufhauser
30.5%
2007
René Aufhauser
30.5%
2008
René Aufhauser
30.5%
2013
Veli Kavlak
29.3%
1996
Peter Stöger
28.8%
2013
Andreas Weimann
28%
1997
Harald Cerny
27.6%
1998
Harald Cerny
27.6%
1999
Harald Cerny
27.6%
2005
Helge Payer
27.6%
2006
Helge Payer
27.6%
2009
Helge Payer
27.6%
Year
Player
% Correct
2010
Florian Klein
27.6%
2011
Florian Klein
27.6%
2006
Christoph Leitgeb
27.2%
2007
Christoph Leitgeb
27.2%
2010
Veli Kavlak
27.2%
2012
Veli Kavlak
27.2%
2009
Stefan Maierhofer
26.3%
2001
Martin Hiden
25.9%
2002
Martin Hiden
25.9%
2004
Martin Hiden
25.9%
2007
Martin Hiden
25.9%
2002
Roman Wallner
25.5%
1997
Roman Mählich
25.1%
1998
Roman Mählich
25.1%
1999
Roman Mählich
25.1%
1996
Arnold Wetl
22.6%
1998
Arnold Wetl
22.6%
2009
Jakob Jantscher
19.8%
2011
Christian Gratzei
18.9%
2012
Markus Suttner
18.9%
1999
Christian Mayrleb
18.5%
2000
Christian Mayrleb
18.5%
2005
Christian Mayrleb
18.5%
2001
Michael Baur
17.7%
2002
Michael Baur
17.7%
2003
Thomas Mandl
17.3%
2009
Franz Schiemer
17.3%
2010
Franz Schiemer
17.3%
2005
Andreas Ibertsberger
16.9%
2006
Joachim Standfest
16.9%
2007
Joachim Standfest
16.9%
1996
Andreas Heraf
16%
1997
Andreas Heraf
16%
2002
Markus Weissenberger
16%
2009
Yasin Pehlivan
16%
1995
Johann Kogler
15.6%
2000
Roland Kirchler
15.2%
2003
Roland Kirchler
15.2%
2004
Roland Kirchler
15.2%
2002
Ernst Dospel
14.8%
2003
Ernst Dospel
14.8%
1999
Günther Neukirchner
14%
2000
Günther Neukirchner
14%
2000
Thomas Flögel
14%
2001
Thomas Flögel
14%
2002
Thomas Flögel
14%
2003
Thomas Flögel
14%
2011
Ekrem Dag
13.2%
1995
Stefan Marasek
12.8%
1996
Stefan Marasek
12.8%
2003
Anton Ehmann
12.8%
2004
Roland Kollmann
12.8%
2005
Anton Ehmann
12.8%
1997
Gilbert Prilasnig
12.3%
2001
Gilbert Prilasnig
12.3%
2000
Michael Hatz
11.9%
2006
Sanel Kuljic
11.9%
2007
Sanel Kuljic
11.9%
1999
Christan Prosenik
9.9%
1999
Thomas Winklhofer
9.5%
2000
Thomas Winklhofer
9.5%
2001
Thomas Winklhofer
9.5%
2005
Markus Kiesenebner
9.1%
2006
Ferdinand Feldhofer
8.6%
2009
Andreas Hölzl
8.6%
2006
Thomas Prager
7.8%
1995
Christian Fürstaller
7.4%
2002
Jürgen Panis
5.8%
2008
Jürgen Säumel
3.7%
Quiz Playlist
Details
Report
Send in Message
Add To Playlist
More Info:
XIs drawn from most appearances per season, slightly configured(i.e. no two Goalkeepers). Idea by Freddie.
Classic:
Type in answers that appear in a list
Quiz Source
Last Updated: Feb 16, 2017
Quiz Scoreboard
CHALLENGE
Sign Up to Join the Scoreboard
Show All
Scores
Hide
Comments
May contain spoilers
Recently Published
An Introduction to Baseball
by treessimontrees
Sports
5m
Movies - When Are They Set?
by FPL_Elf
Movies
5m
Popular People in 1961
by mucciniale
History
6m
More to Explore
Quiz From the Vault
Featured Blog Post
Where Did the Easter Bunny Come From?
hide this ad
You Might Also Like...
Tags
Football Quiz
Soccer Quiz
Austria
International
national
team
XIs
Today's Top Quizzes in Sports
Browse Sports
hide this ad
Today's Top Quizzes in Football
Browse Football
Top Contributed Quizzes in Sports
1
Les meilleurs buteurs des matchs entre le PSG et l’OM
2
2022 World Cup Stars
3
FIFA Club World Cup Champions
4
Les entraîneurs de l'OM et du PSG au 21e siècle
5
Name the Premier League winners with different clubs
6
La finale Lions - Afrique du Sud 2021
7
Criteria MLB: Left Handed Sluggers
8
Les joueurs passés par le LOSC et le RC Lens
9
Players with Multiple 50 Home Run Seasons
10
MLB Players with Two .350 Batting Average Seasons
Explore More
Trending Topics
Kpop
Disney
NBA
Marvel
Crossword
Anime
Harry Potter
Puzzle
Country
Soccer
WWE
Pokémon
The Office
Song
NFL
hide this ad
More By:
ray7
Quiz
Plays
Rating
Category
Featured
Created
TSPDT Top 250 Directors (2015 edition)
2,038
4.56
Movies
Feb 21, 2015
Dauphiné Libéré 2006-2015 Top 30
1,161
5.00
Sports
Oct 5, 2015
Golden Globe Actor Nominees
841
4.57
Movies
Mar 9, 2012
Amstel Gold Race 2006-2015 Top 30
811
5.00
Sports
Sep 30, 2015
La Flèche Wallone 2006-2015 Top 30
743
Sports
Oct 2, 2015
Go to Creator's Profile
Score Distribution
Quiz Creator Spotlight
ray7
Follow
Send a Message
Quizzes Created
-
Created Quiz Play Count
-
More By This Creator
Popular Quizzes Today
1
Find the Countries of Europe - No Outlines Minefield
2
Find the US States - No Outlines Minefield
3
The Countries of the World
4
Popular People in 1961
5
US States
6
1-10 Letter E Words III
7
Find the US States
8
Risky Map Clicking: Biggest States A-Z
More Sports Quizzes
Find the Lie: F1 Accolades (Part 1)
Curator's Pick
Trending Quizzes
Risky Map Clicking: Least Populous States A-Z
1-10 Letter F Words
1-10 Letter G Words
One Thing in Common: United Kingdom
Risky Map Clicking: Next State Alphabetically
Recently Updated
Leaping Animals
pecheneg
Reality TV Shows (A-Z)
bhenderson79
Rickey Henderson's Hall of Fame Teammates
pecheneg
Champions League XIs: Arsenal
pecheneg
Quick Pick: Celebrities in WWE's Hall of Fame
aduchscher
A-Z Keypad Blitz II
pecheneg
Multiple Oscar Actors
pecheneg
Mystery Phrase Blitz: Oscar 'Best Actors'
pecheneg
F. Scott Fitzgerald Novels
LTH
Pick 3 Villains
ddd62291
Trending Topics
Anime
Harry Potter
NBA
Marvel
Crossword
Kpop
Disney
The Office
Soccer
Puzzle
Song
WWE
Country
Pokémon
NFL
Your Account Isn't Verified!
In order to create a playlist on Sporcle, you need to verify the email address you used during registration. Go to your
Sporcle Settings
to finish the process.
Report this User
Report this user for behavior that violates our
Community Guidelines
.
Details:
Send Report
Go to the Sporcle.com Mobile Site →
Comments